| 000 | 00448nam a22001697a 4500 | ||
|---|---|---|---|
| 999 |
_c5001 _d5001 |
||
| 008 | 150907b xxu||||| |||| 00| 0 eng d | ||
| 020 | _a0133658597 | ||
| 050 | _aHF 5691 .C53 1995 | ||
| 100 | _aCleaves Cheryl | ||
| 245 |
_aBusiness Math / _cCleaves Cheryl & Hobbs Margie |
||
| 250 | _a4th ed | ||
| 260 |
_aUpper Saddle River : _bPrentice Hall, Inc. _c1995 |
||
| 300 |
_a647p. :ill _binclude index |
||
| 650 | _aBusiness Mathematics | ||
| 700 | _aHobbs Margie | ||
| 942 |
_2lcc _cBOOKS |
||